Politics and social forces in chilean development
I tiakina i:
| Kaituhi matua: | |
|---|---|
| Hōputu: | Pukapuka |
| Reo: | Ingarihi |
| I whakaputaina: |
Berkeley
Universiy of California
1969
|
| Ngā marau: | |
| Ngā Tūtohu: |
Tāpirihia he Tūtohu
Kāore He Tūtohu, Me noho koe te mea tuatahi ki te tūtohu i tēnei pūkete!
|
MARC
| LEADER | 00000nam a2200000 a 4500 | ||
|---|---|---|---|
| 001 | UCO8183 | ||
| 003 | CL-VaPUC | ||
| 008 | 001201e19690000US |||||||||||||||||eng|d | ||
| 082 | 0 | 4 | |a 320.983 |b PET |2 21 |
| 100 | 0 | |a Petras, James |e author |9 452988 | |
| 245 | 1 | 0 | |a Politics and social forces in chilean development |
| 300 | |a 377 p | ||
| 942 | |c BK | ||
| 945 | |d 20001201 00:00:00 |a crobeson | ||
| 260 | |a Berkeley |b Universiy of California |c 1969 | ||
| 500 | |a Donación del profesor Manfred Wilhelmy von Wolff | ||
| 650 | 0 | |a Política y gobierno |9 255151 | |
| 650 | 0 | |a Desarrollo económico y social |9 256320 | |
| 650 | 0 | |a Industrialización |9 263687 | |
| 650 | 0 | |a Partidos políticos |9 254999 | |
| 650 | 0 | |a Campesinado |9 440815 | |
| 650 | 0 | |a Burocracia |9 255511 | |
| 651 | 7 | |a CHILE |2 CL-VaPUC |9 452989 | |
| 583 | |a last modification |c 20001201 00:00:00 |k Rodrigo Vera | ||
| 999 | |c 292910 |d 292908 | ||
| 952 | |0 0 |1 0 |4 0 |6 320_983000000000000_PET_1969 |7 0 |8 A |9 343990 |a BIBHIS |b BIBHIS |d 2019-11-20 |i 1230956 |l 1 |o 320.983 PET 1969 |p 1230956 |r 2025-01-20 |s 2023-03-17 |w 2019-11-20 |y BK |k HIS | ||